| 000 | 00908nam a2200253 i 4500 | ||
|---|---|---|---|
| 001 | bg | ||
| 003 | BPK | ||
| 005 | 20200402144831.0 | ||
| 008 | 971010s1987 pl a f f |000 0 pol | ||
| 015 | _aPB 1989/1257 | ||
| 040 |
_aWA N _cBPK |
||
| 080 | _a621.313 | ||
| 080 | _a(075.8) | ||
| 100 | 1 |
_aBajorek, Zygmunt _eAutor |
|
| 245 | 1 | 0 |
_aTeoria maszyn elektrycznych. _nCz. 3 / _cZygmunt Bajorek ; Politechnika Rzeszowska im. Ignacego Łukasiewicza. |
| 250 | _aWyd. 4. | ||
| 260 |
_aRzeszów : _bRedakcja Wydawnictw Uczelnianych PR, _c1987. |
||
| 300 |
_a234 s. : _brys., wykr. ; _c24 cm. |
||
| 521 | _aDla studentów Wydz. Elektrycznego do przedmiotu teoria maszyn elektrycznych. | ||
| 650 | 4 |
_aMaszyny elektryczne _xteoria. |
|
| 655 | 4 | _aPodręczniki akademickie | |
| 856 |
_uhttp://koha.tu.koszalin.pl/cgi-bin/koha/opac-detail.pl?biblionumber=3750 _yKatalog online BPK |
||
| 942 |
_2UKD _cKS |
||
| 999 |
_c3750 _d3750 |
||